NBA Best Players In The Last 10 Years - Statistics

General Stats
  • This quiz has been taken 25 times
  • The average score is 30 of 55
Answer Stats
Hint Answer % Correct
30 Curry
100%
23 James
100%
13 Harden
90%
77 Doncic
86%
35 Durant
86%
0 Lillard
81%
24 Bryant
76%
15 Jokic
76%
2 Leonard
76%
3 Wade
76%
0 Westbrook
76%
22 Butler
71%
21 Embiid
71%
2 Irving
71%
3 Paul
71%
32 Towns
71%
7 Anthony
67%
21 Duncan
67%
0 Tatum
67%
1 Booker
62%
11 Thompson
62%
1 Bosh
57%
3 Davis
57%
13 George
57%
27 Gobert
57%
23 Green
57%
7 Lowry
57%
42 Mitchell
57%
15 Cousins
52%
10 Derozan
52%
16 Gasol
52%
1 Rose
52%
11 Young
52%
32 Griffin
48%
8 Lavine
48%
12 Morant
48%
1 Rondo
48%
20 Allen
43%
7 Brown
43%
5 Garnett
43%
42 Horford
43%
12 Howard
43%
0 Love
43%
3 Mccollum
43%
9 Parker
43%
13 Adebayo
38%
13 Nash
38%
34 Pierce
38%
12 Aldridge
33%
9 Iguodala
29%
50 Randolph
24%
41 Nowitski
14%
34 Antetokumpo
10%
40 Haslem
10%
1 Roy
10%
No matching quizzes found
Score Distribution
Percent of People with Each Score
Percentile by Number Answered
Your Score History
You have not taken this quiz